Statistics for SportsCenter Catchphrases Quiz

Click here to take the quiz!

General Stats

  • This quiz has been taken 1,390 times
    (1,389 since last reset)
  • The average score is 7 of 15

Answer Stats

AnchorQuoteAnswer% Correct
Chris BermanHe... Could... Go... All... The... ___Way
96%
Stuart ScottDon't hate the playa, hate the ____game
89%
Scott Van Pelt____ goes the dynamiteboom
83%
Stuart ScottHe's as cool as the other side of the ______pillow
71%
Linda CohnHe's so clutch, and he doesn't even ____ it!know
70%
Stuart ScottJust call him butter cuz he's on a ____roll
68%
Dan PatrickYou can't stop him, you can only hope to _______ himcontain
65%
Chris BermanRumblin' bumblin' ________'stumblin
57%
Stuart ScottBoo-__!ya
56%
Keith OlbermannHe put the biscuit in the ______basket
37%
Dan PatrickDare I say, en _____fuego
25%
Trey WingoBases loaded... Bases ________unloaded
15%
Kenny MayneBring me your finest _____ and cheesesmeats
14%
Brett HaberDial nine for ____ ________long distance
4%
Dan PatrickAlongside my tag team partner Keith Olbermann...
I am _____ Dan Patrick
merely
3%

Score Distribution

Percentile by Number Answered

Percent of People with Each Score

Your Score History

You have not taken this quiz since the last reset